Manuel Matamoros (Record no. 82081)

MARC details
000 -LEADER
campo de control de longitud fija 00737nam a2200229 i 4500
001 - NÚMERO DE CONTROL
campo de control 82081
003 - IDENTIFICADOR DE NÚMERO DE CONTROL
campo de control ES-MaACL
005 - FECHA Y HORA DE LA ÚLTIMA TRANSACCIÓN
campo de control 20250809063506.0
007 - CAMPO FIJO DE DESCRIPCIÓN FÍSICA--INFORMACIÓN GENERAL
campo de control de longitud fija t|
008 - DATOS DE LONGITUD FIJA--INFORMACIÓN GENERAL
campo de control de longitud fija 041122s2003 fr ||||1| fre d
020 ## - NÚMERO INTERNACIONAL ESTÁNDAR DEL LIBRO
Número Internacional Estándar del Libro 2-914444-095
080 ## - NÚMERO DE LA CLASIFICACIÓN DECIMAL UNIVERSAL
Número de la Clasificación Decimal Universal 929 Matamoros, Manuel
080 ## - NÚMERO DE LA CLASIFICACIÓN DECIMAL UNIVERSAL
Número de la Clasificación Decimal Universal 284(460)"18"
100 1# - ENTRADA PRINCIPAL--NOMBRE DE PERSONA
Nombre de persona Vilar, Juan Bautista,
Fechas asociadas al nombre 1941-2018
9 (RLIN) 114797
245 10 - MENCIÓN DEL TÍTULO
Título Manuel Matamoros
Resto del título : fondateur du protestantisme espagnol contemporaine /
Mención de responsabilidad, etc. Juan B. Vilar.
260 ## - PUBLICACIÓN, DISTRIBUCIÓN, ETC.
Lugar de publicación, distribución, etc. [S.l.] :
Nombre del editor, distribuidor, etc. Gascogne,
Fecha de publicación, distribución, etc. [2003]
300 ## - DESCRIPCIÓN FÍSICA
Extensión 119 p. :
Otras características físicas il. ;
Dimensiones 21 cm.
600 14 - PUNTO DE ACCESO ADICIONAL DE MATERIA--NOMBRE DE PERSONA
Nombre de persona Matamoros, Manuel-
Subdivisión general Biografías.
9 (RLIN) 78920
650 14 - PUNTO DE ACCESO ADICIONAL DE MATERIA--TÉRMINO DE MATERIA
Término de materia o nombre geográfico como elemento de entrada Protestantismo-
Subdivisión geográfica España-
Subdivisión cronológica S.XIX.
9 (RLIN) 16522
852 ## - LOCALIZACIÓN
Ubicación ES-MaACL
Número de control de estantería L-28509
Sublocalización o colección R.134353
Holdings
Estatus retirado Estado de pérdida Estado de daño No para préstamo Biblioteca de origen Biblioteca actual Ubicación en estantería Fecha de adquisición Fuente de adquisición Total de préstamos Signatura topográfica completa Código de barras Visto por última vez Precio de reemplazo Tipo de ítem Koha
        Biblioteca del Ateneo de Madrid Biblioteca del Ateneo de Madrid Depósito 2 17/01/2008     L-28509 1085789 23/02/2023 23/02/2023 Libro impreso